1378 1903 1683 1507 1362 1077 1103 1617 1312 1074 1007 1657 1364 1553 1119 1555 1275 1419 1536 1038 1599 1489 1675 1262 1635 1669 1051 1311 1506 1000 1737 1123 1012 1971 1467 1447 1125 1769 1041 1788 1368 1319 1782 1836 1495 1913 1392 1244 1578 1954 1223 1111 1336 1149 1913 1055 1392 1701 1004 1462 1373 1731 1410 1168 1188 1032 1522 1761 1025 1237 1847 1218 1666 1413 1457 1169 1249 1594 1875 1647 1885 1475 1824 1265 1146 1787 1795 1231 1926 1131 1519 1211 1201 1426 1568 1139 1753 1859 1851 BCNSPRNW ULIB Ver.6.0+V

เปลี่ยนเป็นภาษาไทย

Change to English
 แสดงรายละเอียดบรรณานุกรม
  กลับหน้าหลัก

Brief Record : Get Marc (ISO 2709) : E-mail record : QR code < ปิดหน้าต่าง
LEADER : 00000nam 2200000uu 4500
001    13399113280
003     ULIB
008    111005s2549||||th 000 0 tha d
020    9789747348491
050  4 T58.64^bป417ก 2549
100 0  ประสิทธิ์ ทีฆพุฒิ
245 10 การจัดการเทคโนโลยีสารสนเทศ /^cประสิทธิ์ ทีฆพุฒิ, ครรชิต มาลัยวงศ์
250    พิมพ์ครั้งที่ 1
260    กรุงเทพฯ :^bดอกหญ้ากรุ๊ป,^c2549
300    184 หน้า ;^c21 ซม.
650  4 เทคโนโลยีสารสนเทศ
650  4 เทคโนโลยีสารสนเทศ^xการจัดการ
650  4 ระบบสารสนเทศเพื่อการจัดการ
700 0  ครรชิต มาลัยวงศ์
945    ^p225^l0^i028996
995    ทศพร
999 ^a ทศพร
รายการนี้ยังไม่มีแท็ก
คุณยังไม่ได้ล็อกอิน คุณสามารถมีกิจกรรมร่วมกับเว็บไซต์ได้ แต่ต้องล็อกอินก่อน ::
  ล็อกอิน

รายการสื่อสารสนเทศ

ลำดับที่ ประเภท เลขเรียก/บาร์โค้ด สถานที่ สถานะ
- ไม่พบข้อมูล -

รายการใกล้เคียง
    หัวเรื่อง [เทคโนโลยีสารสนเทศ]
    หัวเรื่อง [ระบบสารสนเทศเพื่อการจัดการ]

BibComment


ยังไม่เคยถูกคอมเมนท์

คอมเมนท์ทรัพยากรรายการนี้
  คอมเมนท์: การจัดการเทคโนโลย..


 Copyright 2026. Bcnsprnw @Library